<?xml version="1.0" encoding="UTF-8"?>
<collection xmlns:xsi="http://www.w3.org/2001/XMLSchema-instance" xsi:schemaLocation="http://www.loc.gov/MARC21/slim http://www.loc.gov/standards/marcxml/schema/MARC21slim.xsd" xmlns="http://www.loc.gov/MARC21/slim">
 <record>
  <leader>00000cam a22000007a 4500</leader>
  <controlfield tag="001">UP-99796217611813568</controlfield>
  <controlfield tag="003">Buklod</controlfield>
  <controlfield tag="005">20151011211906.0</controlfield>
  <controlfield tag="006">a     r    |||| u|</controlfield>
  <controlfield tag="007">ta</controlfield>
  <controlfield tag="008">151011s2012    xx     d     r    |||| u|</controlfield>
  <datafield tag="020" ind1=" " ind2=" ">
   <subfield code="a">9782940411702 (pbk : alk. paper)</subfield>
  </datafield>
  <datafield tag="035" ind1=" " ind2=" ">
   <subfield code="a">(iLib)UPD-00249811007</subfield>
  </datafield>
  <datafield tag="040" ind1=" " ind2=" ">
   <subfield code="a">DLC</subfield>
   <subfield code="d">DCAL</subfield>
   <subfield code="e">rda</subfield>
  </datafield>
  <datafield tag="041" ind1="0" ind2=" ">
   <subfield code="a">eng</subfield>
  </datafield>
  <datafield tag="090" ind1=" " ind2=" ">
   <subfield code="a">TT 507</subfield>
   <subfield code="b">S45 2012</subfield>
  </datafield>
  <datafield tag="100" ind1="1" ind2=" ">
   <subfield code="a">Seivewright, Simon</subfield>
   <subfield code="e">author.</subfield>
  </datafield>
  <datafield tag="245" ind1="1" ind2="0">
   <subfield code="a">Research and design</subfield>
   <subfield code="c">Simon Seivewright.</subfield>
  </datafield>
  <datafield tag="250" ind1=" " ind2=" ">
   <subfield code="a">Second edition.</subfield>
  </datafield>
  <datafield tag="264" ind1=" " ind2="1">
   <subfield code="a">Lausanne, Switzerland</subfield>
   <subfield code="b">AVA Publishing SA</subfield>
   <subfield code="c">2012.</subfield>
  </datafield>
  <datafield tag="300" ind1=" " ind2=" ">
   <subfield code="a">183 pages</subfield>
   <subfield code="b">color illustrations</subfield>
   <subfield code="c">23 cm</subfield>
  </datafield>
  <datafield tag="336" ind1=" " ind2=" ">
   <subfield code="a">text</subfield>
   <subfield code="2">rdacontent</subfield>
  </datafield>
  <datafield tag="337" ind1=" " ind2=" ">
   <subfield code="a">unmediated</subfield>
   <subfield code="2">rdamedia</subfield>
  </datafield>
  <datafield tag="338" ind1=" " ind2=" ">
   <subfield code="a">volume</subfield>
   <subfield code="2">rdacarrier</subfield>
  </datafield>
  <datafield tag="490" ind1="0" ind2=" ">
   <subfield code="a">Basics fashion design</subfield>
   <subfield code="v">01</subfield>
  </datafield>
  <datafield tag="500" ind1=" " ind2=" ">
   <subfield code="a">Originally published in 2007.</subfield>
  </datafield>
  <datafield tag="500" ind1=" " ind2=" ">
   <subfield code="a">This title takes you through the essential stages of research and translation into design ideas. It discusses elements such as the brief and the constraints it can place on the research and design process, and explains the importance of identifying your target market and understanding the different levels and genres of fashion.</subfield>
  </datafield>
  <datafield tag="504" ind1=" " ind2=" ">
   <subfield code="a">Includes bibliographical references (176-177) and index.</subfield>
  </datafield>
  <datafield tag="505" ind1="0" ind2=" ">
   <subfield code="a">Research: what and why? : What is a brief? ; What is research? ; What should research contain? ; Who are you designing for? ; Exercise 1. Brainstorming ; Interviews : Alice Palmer; Wendy Dagworthy; Alexander Lamb; Daniel Pollitt -- Choosing what to research : Choosing a theme ; What are primary sources? ; What are secondary sources? ; Sources of inspiration ; Exercise 2. Recycled garment manipulation ; Interviews : Dr. Noki; Richard Sorger -- Compiling your research : The sketchbook ; Techniques for drawing ; Collage ; Juxtaposition and deconstruction ; Cross-referencing ; Analysis of research ; Focus on key elements ; Exercise 3. Focus research pages ; Moodboards ; Sketchbook examples ; Interviews : Omar Kashoura; Jenny Packham -- Designing from your research : Bridging the gap ; Exercise 4. Collaged research on figures ; Model and drape ; Photomontage with drapery ; Design development elements ; Exercise 5. Working with the colour wheel ; Market levels in fashion ; Exercise 6. Design development 1 ; Refinement of individual garments ; Excise 7. Design development 2 ; Selecting ideas to form a collection ; Interviews : WGSN; Julien Macdonald -- Communicating your ideas : Drawing for design ; Templates ; Exercise 8. Creating a design development six-figure template ; Illustrating with collage ; Art materials ; Illustration ; Working drawings ; Layout and composition ; Beyond the drawing board ; Interviews : David Downton; Caryn Franklin -- Glossary.</subfield>
  </datafield>
  <datafield tag="520" ind1=" " ind2=" ">
   <subfield code="a">&quot;Research is fundamental to the success of any design-related project and in Research and Design you will discover what research is, why it is so important and where to go for inspiration when developing concepts and themes for your own creative sketchbook. Research and Design crucially shows you how to maximize what you have learnt at the research stage by successfully illustrating, communicating and presenting your design work.&quot;--Page [4] of cover.</subfield>
  </datafield>
  <datafield tag="650" ind1=" " ind2="0">
   <subfield code="a">Fashion design.</subfield>
  </datafield>
  <datafield tag="650" ind1=" " ind2="0">
   <subfield code="a">Fashion design</subfield>
   <subfield code="x">Study and teaching.</subfield>
  </datafield>
  <datafield tag="905" ind1=" " ind2=" ">
   <subfield code="a">FO</subfield>
  </datafield>
  <datafield tag="852" ind1="0" ind2=" ">
   <subfield code="a">UPD</subfield>
   <subfield code="b">DCAL</subfield>
   <subfield code="h">TT 507 S45 2012</subfield>
  </datafield>
  <datafield tag="942" ind1=" " ind2=" ">
   <subfield code="a">Book</subfield>
  </datafield>
 </record>
</collection>
